UM Logo
Normal view MARC view
  • de Jong, Jeroen P.J.

Entry Personal Name

Number of records used in: 1

001 - CONTROL NUMBER

  • control field: 43431

003 - CONTROL NUMBER IDENTIFIER

  • control field: OSt

005 - DATE AND TIME OF LATEST TRANSACTION

  • control field: 20210809085218.0

008 - FIXED-LENGTH DATA ELEMENTS

  • fixed length control field: 210809|| aca||aabn | a|a d

040 ## - CATALOGING SOURCE

  • Original cataloging agency: OSt
  • Transcribing agency: OSt

100 ## - HEADING--PERSONAL NAME

  • Personal name: de Jong, Jeroen P.J.

670 ## - SOURCE DATA FOUND

  • Source citation: Work cat.: (OSt): de Jong, Jeroen P.J. , Founding a business inspired by close entrepreneurial ties: , c2015.